Answers Contain "Jack" - Statistics

General Stats
  • This quiz has been taken 310 times
    160 since last reset
  • The average score is 16 of 25
Answer Stats
Hint Answer % Correct
A Halloween pumpkin jack o'lantern
91%
Nursery rhyme about fetching a pail of water Jack and Jill
88%
Serial killer of prostitutes in the slums of late 19th-century London Jack the Ripper
87%
A person who cuts down trees lumberjack
87%
A verb, meaning to rob someone of their vehicle carjack
86%
The national flag of the United Kingdom Union Jack
84%
A popular Tennessee whiskey, famous for its "black label" Jack Daniel's
83%
An animal in the hare family with distinctive ears jackrabbit
83%
English folktale about a boy who meets a giant in the sky Jack and the Beanstalk
81%
Someone who has a very broad skill set (hopefully not a master of none) jack of all trades
81%
You turn the crank and hear the music, but be prepared for a surprise. jack-in-the-box
75%
Popular game also known as Twenty-One blackjack
74%
A very large tropical fruit, the national fruit of Bangladesh and Sri Lanka jackfruit
74%
A pneumatic chisel that can break up pavement jackhammer
71%
A variant of Old Man Winter Jack Frost
64%
Johnny Knoxville and gang film stunts and pranks Jackass
54%
R&B tune famously sung by Ray Charles Hit the Road Jack
47%
A little ditty by John Mellencamp Jack & Diane
47%
An American white, semi-hard cheese made using cow's milk Monterey Jack
47%
Molasses-flavored, caramel-coated popcorn, and peanuts, with a prize inside! Cracker Jack
45%
Rockin' song by the Rolling Stones (or Whoopi Goldberg movie) Jumpin' Jack Flash
45%
Like cider, but stronger applejack
31%
What Burger King is called in Australia {Hungry} Jack's
23%
Franchise of comedic trivia video games! (At one point a TV show!) You Don't Know Jack!
17%
1961 Western film directed by Marlon Brando {One}-{Eyed} Jacks
13%
No matching quizzes found
Score Distribution
Percent of People with Each Score
Percentile by Number Answered
Your Score History
You have not taken this quiz since the last reset